000 00505 a2200169 4500
999 _c132
_d132
020 _a9966213856
050 _aBC199 BOR 1998
100 _aBorruso, Silvano /
_eAuthor
245 _aThe art of thinking
_bchats on logic
_cSilvano Borruso
264 _aNairobi
_bPaulines Publications
_c1998
300 _a142p.
500 _aIncludes a conclusion
650 _aCritical thinking
650 _aCreative thinking
650 _aThought and thinking -- Problems, exercises, etc
942 _2lcc
_cBK
_h199
_iBOR
_kBC